Missing Word: Julie Andrews Quiz Stats

 Plays Quiz Updated Nov 7, 2013

     
Support Sporcle.
Go Orange.
Score 0/16 Timer 02:00
0 Plays Today
Movie Title & Year Missing Word % Correct
______ Poppins (1964)Mary
99.7%
The Sound of ______ (1965)Music
98.5%
Despicable ______ (voice) (2010)Me
93.8%
The ______ Who Loved Women (1983)Man
85.6%
The ______ Diaries (2001)Princess
83.7%
Thoroughly ______ Millie (1967)Modern
69.2%
______ Victoria (1982)Victor
68.1%
______ Fairy (2010)Tooth
43.9%
Movie Title & Year Missing Word % Correct
Little ______ Marker (1980)Miss
39.8%
______ Curtain (1966)Torn
24.5%
That's ______! (1986)Life
23.7%
Duet for ______ (1986)One
21.5%
A ______ Romance (1991)Fine
19.7%
The Tamarind ______ (1974)Seed
19%
______ Lili (1970)Darling
14.6%
______ Values (2000)Relative
4.3%

Today's Daily Dose

Missing Word
SNL First Names

Word Ladder
Jewish Holidays

Quick Pick
2011 Events

Get the Picture
Border Landmarks

From the Vault

Building Bridges XVII

by jyrops

Considering all the bridges you burn, someone's gotta replace them.
Remove Ads.
Support Sporcle.
Get the best of Sporcle when you Go Orange. This ad-free experience offers more features, more stats, and more fun while also helping to support Sporcle. Thank you for becoming a member.

Show Comments

Extras

Top Quizzes Today


Score Distribution

Your Account Isn't Verified!

In order to create a playlist on Sporcle, you need to verify the email address you used during registration. Go to your Sporcle Settings to finish the process.

Report this User

Report this user for behavior that violates our Community Guidelines.

Details: